000 00958nam a2200265 i 4500
001 bg
100 1 _aTOPÓR-KAMIŃSKI, Lesław
245 1 0 _aElementy półprzewodnikowe i układy elektroniczne /
_cLesław Topór-Kamiński.
260 _aGliwice :
_bWydaw. Politechniki Śląskiej,
_c2003.
300 _a206, [4] s. :
_bil. ;
_c24 cm.
504 _aBibliogr.
521 _aDla studentów kierunków technicznych nieelektrycznych, a także Wydziału Elektrycznego studiujących w systemie wieczorowym.
650 9 _aElektrotechnika
_xurządzenia
650 9 _aPółprzewodniki
_xurządzenia
650 9 _aUkłady elektroniczne
655 _aPodręczniki akademickie
020 _a8373350691
040 _cBPK
041 0 _apol
080 _a621.382:621.3.049.77](075.8)
920 _a83-7335-069-1
942 _cKS
008 s pl f |000 0 pol
999 _c44824
_d44824
856 _uhttp://koha.tu.koszalin.pl/cgi-bin/koha/opac-detail.pl?biblionumber=44824
_yKatalog online BPK